Seed quality: (Record no. 177)

MARC details
000 -LEADER
fixed length control field 00713nam a22002177a 4500
001 - CONTROL NUMBER
control field BD-DhSAU 177
003 - CONTROL NUMBER IDENTIFIER
control field BD-DhSAU
005 - DATE AND TIME OF LATEST TRANSACTION
control field 20140625121136.0
008 - FIXED-LENGTH DATA ELEMENTS--GENERAL INFORMATION
fixed length control field 140625b i a|||| |||| 001 0 eng d
020 ## - INTERNATIONAL STANDARD BOOK NUMBER
International Standard Book Number 8123908229
040 ## - CATALOGING SOURCE
Transcribing agency BD-DhSAU
082 ## - DEWEY DECIMAL CLASSIFICATION NUMBER
Edition number 22
Classification number 631.521/ SEE
245 ## - TITLE STATEMENT
Title Seed quality:
Remainder of title Basic mechanisms and agricultural implications/
Statement of responsibility, etc. Amarjit S. Basra
260 ## - PUBLICATION, DISTRIBUTION, ETC. (IMPRINT)
Place of publication, distribution, etc. New Delhi:
Name of publisher, distributor, etc. CBS Publishers & Distributors;
Date of publication, distribution, etc. 2002
300 ## - PHYSICAL DESCRIPTION
Extent xiii, 389 p. :
Other physical details ill. ;
Dimensions 21 cm.
504 ## - BIBLIOGRAPHY, ETC. NOTE
Bibliography, etc Includes index.
650 ## - SUBJECT ADDED ENTRY--TOPICAL TERM
Topical term or geographic name as entry element Seed
650 ## - SUBJECT ADDED ENTRY--TOPICAL TERM
Topical term or geographic name as entry element Seed- mechanisms
700 ## - ADDED ENTRY--PERSONAL NAME
Personal name Basra, Amarjit S.
856 ## - ELECTRONIC LOCATION AND ACCESS
Uniform Resource Identifier <a href="https://www.google.com/search?q=8123908229&btnG=Search+Books&tbm=bks&tbo=1&gws_rd=ssl">https://www.google.com/search?q=8123908229&btnG=Search+Books&tbm=bks&tbo=1&gws_rd=ssl</a>
942 ## - ADDED ENTRY ELEMENTS (KOHA)
Source of classification or shelving scheme Dewey Decimal Classification
Koha item type Book
Holdings
Withdrawn status Lost status Source of classification or shelving scheme Damaged status Not for loan Home library Branch Name Date acquired Total Checkouts Full call number Barcode Date last seen Date checked out Price effective from Koha item type Collection code Shelving location
    Dewey Decimal Classification     SAU Library SAU Library 25/06/2014 1 631.521/ SEE 33975 30/04/2026 30/03/2026 25/06/2014 Book    
    Dewey Decimal Classification   Not For Loan SAU Library SAU Library 09/07/2014   631.521/ SEE 33971 09/07/2014   09/07/2014 Book Reference  
    Dewey Decimal Classification     SAU Library SAU Library 09/07/2014   631.521/ SEE 33974 09/07/2014   09/07/2014 Book    
    Dewey Decimal Classification     SAU Library SAU Library 09/07/2014   631.521/ SEE 33973 09/07/2014   09/07/2014 Book    
    Dewey Decimal Classification     SAU Library SAU Library 09/07/2014   631.521/ SEE 32784 09/07/2014   09/07/2014 Book    
    Dewey Decimal Classification     SAU Library SAU Library 09/07/2014   631.521/ SEE 32787 09/07/2014   09/07/2014 Book    
    Dewey Decimal Classification     SAU Library SAU Library 09/07/2014   631.521/ SEE 33972 09/07/2014   09/07/2014 Book    
    Dewey Decimal Classification     SAU Library SAU Library 09/07/2014   631.521/ SEE 32786 09/07/2014   09/07/2014 Book    
    Dewey Decimal Classification     SAU Library SAU Library 09/07/2014   631.521/ SEE 32785 09/07/2014   09/07/2014 Book    
    Dewey Decimal Classification   Not For Loan SAU Library SAU Library 29/11/2006   631.521/ SEE 32136 09/05/2015   09/05/2015 Book   Reference
    Dewey Decimal Classification   Not For Loan SAU Library SAU Library 28/10/2007   631.521/ SEE 32783 10/05/2015   10/05/2015 Book Reference Reference